UCI WT Cofidis riders 2025. - Statistics

General Stats
  • This quiz has been taken 24 times
  • The average score is 14 of 30
Answer Stats
Hint Answer % Correct
SPA Ion Izagirre
100%
FRA Bryan Coquard
91%
BEL Dylan Teuns
73%
BEL Piet Allegaert
73%
POL Stanisław Aniołkowski
73%
SPA Alex Aranburu
64%
GER Emanuel Buchmann
64%
BEL Milan Fretin
64%
BEL Aimé De Gendt
55%
FRA Benjamin Thomas
55%
NLD Jan Maas
55%
SPA Jesús Herrada
55%
FRA Paul Ourselin
55%
BEL Ludovic Robeet
45%
GBR Oliver Knight
45%
GBR Simon Carr
45%
ITA Stefano Oldani
45%
FRA Alexis Renard
36%
FRA Anthony Perez
36%
FRA Clément Izquierdo
36%
FRA Nicolas Debeaumarché
36%
BEL Sylvain Moniquet
36%
FRA Damien Touzé
27%
SPA Jonathan Lastra
27%
FRA Sam Maisonobe
27%
FRA Eddy Finé
18%
FRA Hugo Toumire
18%
FRA Nolann Mahoudo
18%
SPA Sergio Samitier
18%
FRA Valentin Ferron
18%
No matching quizzes found
Score Distribution
Percent of People with Each Score
Percentile by Number Answered
Your Score History
You have not taken this quiz